Come ombre /

Un doppio adulterio, all'interno di un matrimonio senza incertezze, di cui diventa arbitro un amico omosessuale. Da un piccolo dramma privato, l'autore parte per tessere le vite di un intero gruppo di amici e conoscenti che si allarga in un intreccio di storie e destini ricco come la vita. Una ridda...

詳細記述

保存先:
書誌詳細
第一著者: Golinelli, Alessandro (著者)
フォーマット: 図書
言語:イタリア語
出版事項: [Milano] : EST, 2000
シリーズ:EST ; 172
タグ: タグ追加
タグなし, このレコードへの初めてのタグを付けませんか!

MARC

LEADER 00000nam a22000007i 4500
001 IT\ICCU\PUV\0627050
003 ItRI
005 20250224235355.0
008 010129s2000 it |||||| ||||| |||||c
020 |a 8842808997 
040 |b ita  |c ARCIGAY RIMINI 
041 7 |a ita  |2 ISO-639-2 
100 1 |a Golinelli, Alessandro  |0 IT\ICCU\RAVV\071142  |4 aut 
245 1 0 |a Come ombre /  |c Alessandro Golinelli. 
260 |a [Milano] :  |b EST,  |c 2000 
300 |a 857 p. ;  |c 21 cm. 
520 |a Un doppio adulterio, all'interno di un matrimonio senza incertezze, di cui diventa arbitro un amico omosessuale. Da un piccolo dramma privato, l'autore parte per tessere le vite di un intero gruppo di amici e conoscenti che si allarga in un intreccio di storie e destini ricco come la vita. Una ridda di storie e personaggi che finisce per diventare il ritratto di una generazione, i trenta-quarantenni degli anni '90, di una classe sociale, di una città dell'Italia dell'ultimo decennio. 
830 0 |a EST ;  |v 172  |0 IT\ICCU\REA\0035492 
942 |2 ddc  |c BK 
952 |0 0  |1 0  |2 ddc  |4 0  |6 853_914000000000000_GOL_COM  |7 1  |9 3455  |a RN  |b RN  |d 2025-02-24  |l 0  |o 853.914 GOL COM  |p 10714  |r 2025-02-24 23:54:20  |w 2025-02-24  |x DONAZIONE DI GIOVANNI RIMONDINI  |y BK  |z DONAZIONE DI GIOVANNI RIMONDINI 
981 1 |6 z01  |a i   |b xxxe  
982 1 |6 z01  |a n 
999 |c 2730  |d 2730